| 000 | 00948cam a22003131 4500 | ||
|---|---|---|---|
| 001 | 3120405 | ||
| 003 | OSt | ||
| 005 | 20140310184408.0 | ||
| 008 | 851001s1968 nyua j 000 1 eng | ||
| 010 | _a 68011066 | ||
| 020 | _a0439236398 | ||
| 040 |
_aDLC _cDLC _dDLC |
||
| 042 | _alcac | ||
| 050 | 0 | 0 |
_aPZ 8.1 _b.M173 1968 |
| 100 | 1 |
_aMcGovern, Ann. _95437 |
|
| 245 | 1 | 0 |
_aRobin Hood of Sherwood Forest / _cTold by Ann McGovern. Illustrated by Arnold Spilka. |
| 260 |
_aNew York : _bCrowell, _c1968. |
||
| 300 |
_a164 p. : _bill. ; _c21 cm. |
||
| 521 | _aG9 | ||
| 526 | _c1050 | ||
| 650 | 0 |
_aRobin Hood (Legendary character) _xLegends. _925943 |
|
| 650 | 1 |
_aRobin Hood (Legendary character) _xLegends. _925944 |
|
| 700 | 1 |
_aSpilka, Arnold, _eillus. _925945 |
|
| 730 | 0 |
_aRobin Hood (Legend). _lEnglish. _925946 |
|
| 906 |
_a7 _bcbc _corignew _du _eocip _f19 _gy-gencatlg |
||
| 942 |
_2lcc _cBK-SCHOLAS |
||
| 999 |
_c34072 _d34072 |
||